| 000 | 00477pab a2200181 454500 | ||
|---|---|---|---|
| 008 | 180718b2008 xxu||||| |||| 00| 0 eng d | ||
| 100 | _aFeridun, Mete | ||
| 245 | _aCurrency crises in emerging markets: the case of post-liberalization Turkey | ||
| 260 | _c2008 | ||
| 300 | _ap.386-427. | ||
| 362 | _aDec | ||
| 650 | _aLiberalization - Turkey | ||
| 650 | _aCurrencies - Turkey | ||
| 650 | _aCurrencies | ||
| 773 | _aDeveloping Economies | ||
| 908 | _aN | ||
| 909 | _a81066 | ||
| 999 |
_c81066 _d81066 |
||